| 000 | 01713nam a2200217Ia 4500 | ||
|---|---|---|---|
| 003 | Ost | ||
| 005 | 20260507075309.0 | ||
| 008 | 260507s9999||||xx |||||||||||||| ||und|| | ||
| 020 | _a114328977 | ||
| 040 | _cfsecg | ||
| 041 | _aara | ||
| 082 | _a330 | ||
| 100 |
_aشهاب، مجدى _eمؤلف |
||
| 245 | 0 |
_aأصول الاقتصاد العام : _bالمالية العامة / _c مجدى شهاب |
|
| 260 |
_aالاسكندرية: _bدار الجامعة الجديدة, _c2004 |
||
| 300 |
_a505 صفحة؛ _c23 سم |
||
| 520 | _aماهية الميزانية العامة و دورة هذه الميزانية بالتطرق الى اجراءات و أساليب اعداد الميزانية ، اقرار الميزانية و تنفيذها و الرقابة المالية على الميزانية كما تناول الكتاب دور الميزانية العامة في جمهورية مصر العربية و المبادئ الاساسية لاعداد الميزانية ، مع التطرق الى النفقة العامة و تقسيم هذه النفقات و حدود الانفاق العام ، الآثار الاقتصادية للانفاق العام ، كما تناول الكتاب موضوع نظرية الايرادالعام بالتطرق الى التعريف بأنواع و تقسيمات الايرادات العامة، ايراد الخدمات الخاصة و نظرية الضريبة ، القروض مع السياسة المالية في الاقتصاد الرأسمالي المتقدم و السياسة المالية و الاقتصاد المتخلفة . | ||
| 653 | _aالاقتصاد | ||
| 653 | _aالمالية العامة | ||
| 942 | _cكتاب | ||
| 999 |
_c43846 _d43846 |
||